000
00224 a2200097 4500
001
42499
100
_a
Elliatt
245
_a
The modern army air N canard
260
_a
London
_b
Van nastrand company
_c
090
_c
26412
_d
26412
942
_a
NUST-CAE
_c
M
_c
18239
999
_c
277572
_d
277572